Famous Johns - Statistics

General Stats
  • This quiz has been taken 28 times
  • The average score is 12 of 16
Answer Stats
Picture Answer % Correct
Kennedy
100%
Depp
96%
Lennon
96%
Travolta
96%
Wayne
93%
Candy
81%
Legend
81%
Denver
74%
Cena
70%
Goodman
70%
Cusack
67%
Malkovich
63%
Reilly
56%
Krasinski
48%
Elway
41%
Mayer
37%
No matching quizzes found
Score Distribution
Percent of People with Each Score
Percentile by Number Answered
Your Score History
You have not taken this quiz